Minerals planning guidance (Record no. 85962)
[ view plain ]
| 000 -LEADER | |
|---|---|
| fixed length control field | 01370cam a2200325 4500 |
| 008 - FIXED-LENGTH DATA ELEMENTS--GENERAL INFORMATION | |
| fixed length control field | 090401t1996 xxu||||| |||| 00| 0 eng d |
| 020 ## - INTERNATIONAL STANDARD BOOK NUMBER | |
| International Standard Book Number | 0117532894 |
| 035 ## - SYSTEM CONTROL NUMBER | |
| System control number | (Sirsi) u3894 |
| 041 ## - LANGUAGE CODE | |
| Language code of text/sound track or separate title | eng |
| 050 ## - LIBRARY OF CONGRESS CALL NUMBER | |
| Classification number | 711.1 |
| -- | 18 |
| 110 ## - MAIN ENTRY--CORPORATE NAME | |
| Corporate name or jurisdiction name as entry element | United Kingdom |
| Subordinate unit | Department of the Environment |
| 9 (RLIN) | 982 |
| 245 ## - TITLE STATEMENT | |
| Title | Minerals planning guidance |
| Remainder of title | general considerations and the development plan system |
| 250 ## - EDITION STATEMENT | |
| Edition statement | Revised ed. |
| 260 ## - PUBLICATION, DISTRIBUTION, ETC. | |
| Place of publication, distribution, etc. | London |
| Name of publisher, distributor, etc. | HMSO |
| Date of publication, distribution, etc. | 1996 |
| 300 ## - PHYSICAL DESCRIPTION | |
| Extent | 23p. |
| Dimensions | 30cm. |
| 350 ## - PRICE (NR) (BK AM CF MU VM SE) [OBSOLETE] | |
| Price | 9 |
| 490 ## - SERIES STATEMENT | |
| Series statement | MPG |
| Volume/sequential designation | 1 |
| 520 ## - SUMMARY, ETC. | |
| Summary, etc. | Sets out government policy on minerals and planning issues, providing advice to mineral planning authorities and the minerals industry on policies. Mineral planning authorities must take its contents into account in preparing their development plans. View at www.planning.odpm.gov.uk. |
| 520 ## - SUMMARY, ETC. | |
| Summary, etc. | Supersedes first edition (ISBN 0117520519). |
| 650 ## - SUBJECT ADDED ENTRY--TOPICAL TERM | |
| Topical term or geographic name entry element | MINERALS AND WASTE LOCAL PLANS |
| 650 ## - SUBJECT ADDED ENTRY--TOPICAL TERM | |
| Topical term or geographic name entry element | MINERALS LOCAL PLANS |
| 650 ## - SUBJECT ADDED ENTRY--TOPICAL TERM | |
| Topical term or geographic name entry element | MINERALS PLANNING |
| 650 ## - SUBJECT ADDED ENTRY--TOPICAL TERM | |
| Topical term or geographic name entry element | MINERALS |
| 650 ## - SUBJECT ADDED ENTRY--TOPICAL TERM | |
| Topical term or geographic name entry element | MINERALS PLANNING GUIDANCE NOTE ONE |
| 650 ## - SUBJECT ADDED ENTRY--TOPICAL TERM | |
| Topical term or geographic name entry element | UNITARY DEVELOPMENT PLANS |
| 690 ## - LOCAL SUBJECT ADDED ENTRY--TOPICAL TERM (OCLC, RLIN) | |
| Topical term or geographic name as entry element | MINING AND MINERALS |
| 856 ## - ELECTRONIC LOCATION AND ACCESS | |
| Uniform Resource Identifier | <a href="https://webarchive.nationalarchives.gov.uk/+/http://www.communities.gov.uk/index.asp?id=1144138">https://webarchive.nationalarchives.gov.uk/+/http://www.communities.gov.uk/index.asp?id=1144138</a> |
| Public note | View the guidance on the webarchive.nationalarchives.gov.uk website. |
| 942 ## - ADDED ENTRY ELEMENTS (KOHA) | |
| Suppress in OPAC | 0 |
| 948 ## - LOCAL PROCESSING INFORMATION (OCLC); SERIES PART DESIGNATOR (RLIN) | |
| c (OCLC) | 04/03/1997 |
| Withdrawn status | Lost status | Source of classification or shelving scheme | Damaged status | Not for loan | Home library | Current library | Shelving location | Date acquired | Cost, normal purchase price | Total Checkouts | Full call number | Barcode | Date last seen | Copy number | Cost, replacement price | Price effective from | Koha item type |
|---|---|---|---|---|---|---|---|---|---|---|---|---|---|---|---|---|---|
| Dewey Decimal Classification | London | London | Enquiry desk | 13/06/1996 | 9.00 | BOXED SET | 30049821 | 06/08/2019 | 1 | 9.00 | 06/08/2019 | Reference material | |||||
| Dewey Decimal Classification | London | London | Enquiry desk | 02/10/2002 | BOXED SET | 30051373 | 06/08/2019 | 2 | 06/08/2019 | Book | |||||||
| Dewey Decimal Classification | Virtual | Virtual | Online | 27/06/2003 | ONLINE PUBLICATION | 3894-3001 | 06/08/2019 | 1 | 06/08/2019 | Book |